000 00970nam a2200253Ia 4500
003 OSt
005 20220923221100.0
006 a|||||r|||| 00| 0
007 ta
008 220922b |||||||| |||| 00| 0 hin d
024 _a194,749
037 _cTextual
040 _aARTS
_cARTS
_bhin
041 _2hin
_ahin
082 _aO152,3M611:g, K3
100 _aत्रिपाठी, गिरीश चन्द्र, संपा.
_9160958
245 0 _aबाबू देवकी नन्दन खत्री स्मृति ग्रन्थ
246 _aBābū devakī nandan khatrī smṛuti grantha
260 _aवाराणसी
_b लहरी बुक डिपों
_c1963
300 _a115पृ.
_ccm.
650 _aहिन्दी साहित्य
_9156264
942 _hO152,3M611:g, K3
_cTEXL
_2CC
999 _c347012
_d347012